00485cam a2200169ua 450000100030000000800390000302000180004204000090006008200110006910000330008024500510011325000400016426000330020430000170023765300220025465300390027689110321n ii |||gr||||Z||||||eng a81-8205-252-1 cMAIN a004.03 aFernandes, James.,eEditor., aAcademic dictionary of information technology. a1st. / bEdited by James Fernandes. aDelhi.:bIsha Books.,c2004. a310 p.:6 cm. aComputer Science. aDictionary information technology.